The beginning investor /

Bibliographic Details
Main Author: Harsham, Philip
Format: Book
Language:English
Published: Oradell, N.J. : Medical Economics Books, 1984.
Edition:2nd ed.
Subjects:

MARC

Tag First Indicator Second Indicator Subfields
LEADER 00000cam a2200000 a 4500
001 in00003468521
005 20151206104635.0
008 830727s1984 nju b 00110 eng
010 |a  83013459  
020 |a 0874893658 (pbk.) 
039 0 |a 2  |b 3  |c 3  |d 3  |e 3 
040 |d UtOrBLW 
082 0 |a 332.6/78  |2 19 
090 |a HG4522  |b .H37 1984 
100 1 |a Harsham, Philip. 
245 1 4 |a The beginning investor /  |c Philip Harsham. 
250 |a 2nd ed. 
264 1 |a Oradell, N.J. :  |b Medical Economics Books,  |c 1984. 
300 |a vii, 141 pages ;  |c 22 cm. 
336 |a text  |b txt  |2 rdacontent 
337 |a unmediated  |b n  |2 rdamedia 
338 |a volume  |b nc  |2 rdacarrier 
500 |a Revised edition of: The Beginning investor / edited by Bernard J. Hassan. c1982. 
504 |a Includes bibliographical references and index. 
650 0 |a Investments. 
650 0 |a Tax shelters. 
650 0 |a Physicians  |x Finance, Personal. 
999 |a MARS 
999 f f |s 95185fd9-6e6c-3347-9733-411c27acd8c5  |i d9a6cc1d-a94e-34f7-8265-0d16b975891e  |t 0 
952 f f |p ric  |a Texas A&M University  |b Rellis Campus  |c Joint Library Facility  |d Remote Storage  |t 0  |e HG4522 .H37 1984  |h Library of Congress classification  |i unmediated -- volume  |m 32060003676414 
998 f f |a HG4522 .H37 1984  |t 0  |l Remote Storage